000
00280nam a2200145Ia 4500
100
_a
Sudha Murthy
650
_a
General
942
_c
BK
366
_f
20
245
_a
Wise and otherwise
260
_b
Penquin books
_c
2006
300
_a
132
546
_a
ENGLISH
999
_c
32820
_d
32820